| 000 | 01285nam a22003737a 4500 | ||
|---|---|---|---|
| 003 | CHAP | ||
| 005 | 20220329140524.0 | ||
| 008 | 971013s1980 r 00010 d | ||
| 010 | _a53279 | ||
| 011 | _a54251 | ||
| 035 | _a58402 | ||
| 040 | _cCHAP | ||
| 090 | _aFolleto 6293 | ||
| 100 | 0 | 0 |
_aRottier, Peter. _9100295 |
| 245 | _aViral protein synthesis in cowpea mosaic virus infected protoplasts | ||
| 260 |
_aWageningen : _bVeenman & Zonen, _c1980 |
||
| 300 |
_a96 p. _b: ilus. ; gráfs. |
||
| 490 |
_aMededelingen Landbouwhogeschool _v; 80-3 |
||
| 590 |
_aBATCH-UPD _b10 _c20130110 _lUCH01 _h0053 |
||
| 590 |
_aBATCH-UPD _b10 _c20130110 _lUCH01 _h0627 |
||
| 590 |
_aBATCH-UPD _b10 _c20130110 _lUCH01 _h2316 |
||
| 590 |
_aBATCH-UPD _b10 _c20130409 _lUCH01 _h2041 |
||
| 590 |
_aBATCH-UPD _b10 _c20130410 _lUCH01 _h1202 |
||
| 590 |
_aBATCH-UPD _b10 _c20130914 _lUCH01 _h0928 |
||
| 590 |
_aCONVERSION _b10 _c20130109 _lUCH01 _h1329 |
||
| 650 | 1 | 4 |
_aChícharo de vaca _xEnfermedades por virus. _922847 |
| 650 | 1 | 4 |
_aProteínas. _992446 |
| 650 | 1 | 4 |
_aProtoplastos. _992470 |
| 650 | 1 | 4 |
_aVirus del mosaico del chícharo de vaca. _9119960 |
| 830 | 0 |
_aMededelingen Landbouwhogeschool _v; 80-3 _973858 |
|
| 901 | _aBK | ||
| 942 | _cFOLL | ||
| 949 |
_aFolleto 6293 _bBC _cFOLL _d-126770 _eTS1 _i58402 _si |
||
| 999 |
_c53279 _d53279 |
||